[Event "VIE-ch"]
[Site "Hanoi"]
[Date "2024.03.15"]
[Round "7"]
[White "Dang, Anh Minh"]
[Black "Tran, Ngoc Minh Duy"]
[Result "1/2-1/2"]
[WhiteElo "2064"]
[BlackElo "1966"]
[PlyCount "40"]
[EventDate "2024.03.11"]
[EventType "swiss"]
[EventRounds "9"]
[EventCountry "VIE"]
[SourceTitle "CB13_2024"]
[SourceDate "2024.03.27"]
[SourceVersion "1"]
[SourceVersionDate "2024.03.27"]
[SourceQuality "1"]

1. d4 d5 2. c4 e6 3. Nc3 c5 4. cxd5 exd5 5. Nf3 Nc6 6. dxc5 d4 7. Na4 Bxc5 8. Nxc5 Qa5+ 9. Bd2 Qxc5 10. Rc1 Qb6 11. e3 dxe3 12. Bxe3 Qxb2 13. Bc4 Nge7 14. Ng5 Ne5 15. 0-0 Nxc4 16. Rxc4 0-0 17. Nxh7 Kxh7 18. Qh5+ Kg8 19. Rh4 f6 20. Bc5 Qe5 1/2-1/2

[Event "VIE-ch"]
[Site "Hanoi"]
[Date "2024.03.11"]
[Round "1"]
[White "Tran, Tuan Minh"]
[Black "Tran, Ngoc Minh Duy"]
[Result "1-0"]
[WhiteElo "2465"]
[BlackElo "1966"]
[PlyCount "119"]
[EventDate "2024.03.11"]
[EventType "swiss"]
[EventRounds "9"]
[EventCountry "VIE"]
[SourceTitle "CB13_2024"]
[SourceDate "2024.03.27"]
[SourceVersion "1"]
[SourceVersionDate "2024.03.27"]
[SourceQuality "1"]

1. c4 e6 2. Nc3 d5 3. d4 c5 4. cxd5 exd5 5. Nf3 Nc6 6. e3 Nf6 7. Bb5 cxd4 8. Nxd4 Bd7 9. 0-0 Bb4 10. Nde2 Ne7 11. Qa4 Bxc3 12. Nxc3 a6 13. Bxd7+ Qxd7 14. Qxd7+ Kxd7 15. Rd1 Rac8 16. Bd2 Rc6 17. Be1 Rhc8 18. f3 Ke8 19. Bh4 b5 20. a3 Rd8 21. Rd3 h6 22. Rad1 g5 23. Bg3 Rdc8 24. Kf1 Re6 25. Bf2 h5 26. Be1 Kf8 27. Kf2 Nf5 28. Ne2 Rc2 29. Bb4+ Kg7 30. R1d2 Rxd2 31. Bxd2 Kg6 32. Bc3 Ne8 33. h4 f6 34. Nd4 Rd6 35. Bb4 Rd7 36. Ne6 Kf7 37. Nc5 Rd6 38. Nb3 Re6 39. hxg5 fxg5 40. Rxd5 Nxe3 41. Rxg5 Nf6 42. Nd4 Nd1+ 43. Kg3 Re3 44. Nf5 Rd3 45. Kh4 Nxb2 46. Rg7+ Ke6 47. Kg5 Nd5 48. Rg6+ Kf7 49. Rxa6 Nxb4 50. axb4 Rd5 51. Ra7+ Ke8 52. Kf6 Nd3 53. g4 hxg4 54. fxg4 Nxb4 55. g5 Nd3 56. g6 Nf4 57. Ng7+ Kd8 58. Ne6+ Nxe6 59. Kxe6 Rd1 60. g7 1-0

[Event "VIE-ch"]
[Site "Ha Tien"]
[Date "2023.09.14"]
[Round "4"]
[White "Tran, Ngoc Minh Duy"]
[Black "Nguyen, Dinh Trung"]
[Result "1-0"]
[WhiteElo "1666"]
[BlackElo "1896"]
[PlyCount "63"]
[EventDate "2023.09.13"]
[EventType "swiss"]
[EventRounds "9"]
[EventCountry "VIE"]
[SourceTitle "EXT 2024"]
[Source "ChessBase"]
[SourceDate "2023.10.10"]
[SourceVersion "1"]
[SourceVersionDate "2023.10.10"]
[SourceQuality "1"]

1. e4 c5 2. Nf3 d6 3. d4 cxd4 4. Nxd4 Nf6 5. Nc3 g6 6. Be3 Bg7 7. f3 0-0 8. Qd2 Nc6 9. Bc4 Na5 10. Bb3 a6 11. g4 e5 12. Nde2 Nxb3 13. axb3 Be6 14. 0-0-0 Qa5 15. Kb1 Rfd8 16. h4 Kf8 17. Bh6 Ng8 18. Bxg7+ Kxg7 19. h5 b5 20. hxg6 hxg6 21. Qg5 b4 22. Nd5 Bxd5 23. Rxd5 Qb6 24. Ng3 Kf8 25. Nf5 gxf5 26. Rh7 Ke8 27. Qxg8+ Kd7 28. Qxf7+ Kc6 29. gxf5 a5 30. Rd4 Qb8 31. Rc4+ Kb6 32. Rc7 1-0

[Event "VIE-ch"]
[Site "Vung Tau"]
[Date "2023.03.05"]
[Round "4"]
[White "Tran, Ngoc Minh Duy"]
[Black "Nguyen, Hoang Duc"]
[Result "1-0"]
[WhiteElo "1288"]
[BlackElo "2093"]
[PlyCount "61"]
[EventDate "2023.03.03"]
[EventType "swiss"]
[EventRounds "9"]
[EventCountry "VIE"]
[SourceTitle "EXT 2024"]
[Source "ChessBase"]
[SourceDate "2023.10.10"]
[SourceVersion "1"]
[SourceVersionDate "2023.10.10"]
[SourceQuality "1"]

1. e4 g6 2. d4 Bg7 3. Nf3 d6 4. Nc3 c6 5. a4 Nf6 6. Be2 0-0 7. 0-0 Bg4 8. Be3 Qc7 9. Qd2 Rd8 10. Rfd1 Nbd7 11. h3 Bxf3 12. Bxf3 e5 13. Qe2 exd4 14. Bxd4 a6 15. a5 c5 16. Be3 Ne5 17. Bg5 Re8 18. Bxf6 Bxf6 19. Nd5 Qd8 20. c3 Nc6 21. Nb6 Rb8 22. Bg4 Qe7 23. Nd5 Qd8 24. Bd7 Rf8 25. Bxc6 bxc6 26. Nb6 Re8 27. Qd3 Be5 28. Qxa6 Qh4 29. Qd3 Bg7 30. Re1 Re6 31. a6 1-0

[Event "VIE-ch"]
[Site "Vung Tau"]
[Date "2023.03.03"]
[Round "1"]
[White "Tran, Dang Minh Quang"]
[Black "Tran, Ngoc Minh Duy"]
[Result "1-0"]
[WhiteElo "2214"]
[BlackElo "1288"]
[PlyCount "91"]
[EventDate "2023.03.03"]
[EventType "swiss"]
[EventRounds "9"]
[EventCountry "VIE"]
[SourceTitle "EXT 2024"]
[Source "ChessBase"]
[SourceDate "2023.10.10"]
[SourceVersion "1"]
[SourceVersionDate "2023.10.10"]
[SourceQuality "1"]

1. d4 d5 2. Bf4 Nf6 3. e3 c5 4. c3 Nc6 5. Nd2 Bf5 6. Qb3 Qd7 7. Ngf3 c4 8. Qd1 e6 9. Be2 h6 10. 0-0 Be7 11. a4 0-0 12. b3 cxb3 13. Qxb3 Rfc8 14. Rfc1 Bd6 15. Bxd6 Qxd6 16. a5 Qc7 17. Qa3 b6 18. axb6 axb6 19. Qxa8 Rxa8 20. Rxa8+ Kh7 21. h3 Na5 22. Ne5 Ne4 23. Nxe4 Bxe4 24. Bb5 Nb3 25. Rd1 Na5 26. Rf8 Bg6 27. h4 Qxc3 28. Nxf7 Bxf7 29. Rxf7 Nc4 30. Bd7 Nd6 31. Rf8 Qc7 32. Bxe6 Qe7 33. Bg8+ Kg6 34. Rf4 Qb7 35. Rc1 Ne4 36. Rf7 Qa8 37. h5+ Kxh5 38. Rxg7 Ng5 39. Bf7+ Kh4 40. Bg6 Qf8 41. Rb7 Qf6 42. Bd3 Kg4 43. Rb1 Nf3+ 44. gxf3+ Kxf3 45. Kf1 Qh4 46. Rf7+ 1-0

[Event "VIE-ch"]
[Site "Vung Tau"]
[Date "2023.03.03"]
[Round "2"]
[White "Tran, Ngoc Minh Duy"]
[Black "Doan, Van Duc"]
[Result "1-0"]
[WhiteElo "1288"]
[BlackElo "2080"]
[PlyCount "91"]
[EventDate "2023.03.03"]
[EventType "swiss"]
[EventRounds "9"]
[EventCountry "VIE"]
[SourceTitle "EXT 2024"]
[Source "ChessBase"]
[SourceDate "2023.10.10"]
[SourceVersion "1"]
[SourceVersionDate "2023.10.10"]
[SourceQuality "1"]

1. e4 c5 2. Nf3 d6 3. d4 cxd4 4. Nxd4 Nf6 5. Nc3 a6 6. Be2 e5 7. Nb3 Be7 8. Qd3 0-0 9. Bd2 Be6 10. Nd5 Nbd7 11. 0-0 Rc8 12. c4 Bxd5 13. exd5 e4 14. Qg3 Ne5 15. Rac1 Qd7 16. Bc3 Qf5 17. Rfd1 Ned7 18. Nd4 Qg6 19. Qh3 Rfe8 20. Nf5 Bf8 21. Bb4 Nc5 22. Rc3 Nfd7 23. Rg3 Qf6 24. Bc3 Ne5 25. f4 exf3 26. gxf3 g6 27. f4 Ne4 28. fxe5 dxe5 29. Rf1 Qb6+ 30. Kg2 Nxg3 31. Qxg3 f6 32. Ne3 Bg7 33. b4 f5 34. c5 Qd8 35. d6 b6 36. Bxa6 bxc5 37. Bxc8 Qxc8 38. Qf3 e4 39. Qd1 Bxc3 40. d7 Qd8 41. Qd5+ Kh8 42. dxe8Q+ Qxe8 43. Qxc5 Be5 44. Rc1 Kg7 45. Nd5 Kh6 46. Qe3+ 1-0

[Event "VIE-chT"]
[Site "Hanoi"]
[Date "2022.03.29"]
[Round "3.18"]
[White "Le, Quang Vinh"]
[Black "Tran, Ngoc Minh Duy"]
[Result "0-1"]
[WhiteElo "1845"]
[BlackElo "1288"]
[PlyCount "76"]
[EventDate "2022.03.28"]
[EventType "swiss"]
[EventRounds "9"]
[EventCountry "VIE"]
[SourceTitle "EXT 2023"]
[Source "ChessBase"]
[SourceDate "2022.10.05"]
[SourceVersion "1"]
[SourceVersionDate "2022.10.05"]
[SourceQuality "1"]

1. f4 d5 2. Nf3 Nf6 3. g3 g6 4. Bg2 Bg7 5. 0-0 0-0 6. d3 b6 7. Qe1 Bb7 8. Ne5 Nbd7 9. Nxd7 Qxd7 10. Nc3 c5 11. e4 e6 12. h3 b5 13. e5 Ne8 14. Qf2 Rc8 15. Bd2 f6 16. exf6 Bxf6 17. Kh1 Nd6 18. Rae1 Nf5 19. g4 Bh4 20. gxf5 Bxf2 21. fxe6 Qe8 22. Rxf2 Rf5 23. Rfe2 b4 24. Nd1 Rc6 25. c4 bxc3 26. Nxc3 Qe7 27. Kh2 Rd6 28. d4 Bc8 29. dxc5 Rxe6 30. Nxd5 Qf7 31. Rxe6 Bxe6 32. Nc3 Rxc5 33. b4 Rxc3 34. Bxc3 Qxf4+ 35. Kh1 Bxh3 36. Bd5+ Kf8 37. Be5 Qxb4 38. Re4 Qc5 0-1

[Event "VIE-chT"]
[Site "Hanoi"]
[Date "2022.03.28"]
[Round "1.8"]
[White "Tran, Ngoc Minh Duy"]
[Black "Hoang, Thi Bao Tram"]
[Result "1-0"]
[WhiteElo "1288"]
[BlackElo "2269"]
[PlyCount "95"]
[EventDate "2022.03.28"]
[EventType "swiss"]
[EventRounds "9"]
[EventCountry "VIE"]
[SourceTitle "EXT 2023"]
[Source "ChessBase"]
[SourceDate "2022.10.05"]
[SourceVersion "1"]
[SourceVersionDate "2022.10.05"]
[SourceQuality "1"]

1. e4 c6 2. d4 d5 3. exd5 cxd5 4. Bd3 Nc6 5. c3 Nf6 6. Nf3 Bg4 7. 0-0 Qc7 8. Re1 e6 9. Bg5 Bd6 10. h3 Bh5 11. Nbd2 0-0 12. Qc2 Bg6 13. Bxg6 hxg6 14. Rad1 b5 15. Qd3 a5 16. b3 Rab8 17. Bxf6 gxf6 18. Nf1 Rfc8 19. h4 Kg7 20. h5 gxh5 21. Nh4 Ne7 22. Qe2 Qxc3 23. Qxh5 Rh8 24. Qg4+ Kf8 25. Re3 Qc2 26. Rde1 Ke8 27. Rh3 Rh6 28. Ne3 Qe4 29. Qxe4 dxe4 30. Ng4 Rh8 31. Nxf6+ Kd8 32. Nxe4 Bb4 33. Rc1 Nd5 34. g3 Ke7 35. Kg2 Rbg8 36. Kf3 Rc8 37. Rch1 Rhg8 38. Ng2 Rc2 39. Rh7 Ba3 40. R1h5 Bc1 41. Ne1 Rxa2 42. Nd3 Rc2 43. Ne5 Rc7 44. Rxf7+ Kd8 45. Rhh7 Rxf7+ 46. Nxf7+ Kc8 47. Ned6+ Kb8 48. Ne5 1-0

[Event "Eastern Asia-ch U12"]
[Site "Tornelo INT"]
[Date "2021.10.31"]
[Round "8"]
[White "Tran, Ngoc Minh Duy"]
[Black "Phan, Tran Bao Khang"]
[Result "1-0"]
[WhiteElo "1272"]
[BlackElo "1529"]
[PlyCount "105"]
[EventDate "2021.10.29"]
[EventType "swiss"]
[EventRounds "9"]
[EventCountry "NET"]
[SourceTitle "EXT 2023"]
[Source "ChessBase"]
[SourceDate "2022.10.05"]
[SourceVersion "1"]
[SourceVersionDate "2022.10.05"]
[SourceQuality "1"]

1. e4 c5 2. Nf3 d6 3. d4 cxd4 4. Nxd4 Nf6 5. Nc3 g6 6. Be3 Bg7 7. f3 0-0 8. Qd2 Nc6 9. Bc4 Bd7 10. 0-0-0 Rc8 11. Bb3 Ne5 12. h4 Nc4 13. Bxc4 Rxc4 14. Nde2 b5 15. Bh6 b4 16. Nd5 Nxd5 17. Bxg7 Kxg7 18. exd5 Qa5 19. Kb1 Rc5 20. h5 Kg8 21. hxg6 fxg6 22. Ng3 Bf5 23. Nxf5 Rxf5 24. Qe3 Qd8 25. Qe6+ Kg7 26. Rd4 Re5 27. Qh3 Rh5 28. Rh4 Rcxd5 29. g4 Rxh4 30. Qxh4 h5 31. gxh5 Rxh5 32. Qd4+ e5 33. Qxa7+ Kg8 34. Rd1 Rf5 35. Qb7 Qf6 36. Qb8+ Qf8 37. Qxb4 Rxf3 38. a4 Rf4 39. Qb3+ Kg7 40. a5 Rf1 41. Rxf1 Qxf1+ 42. Ka2 Qa6 43. Qd5 g5 44. b4 g4 45. Qe6 Qe2 46. Qd7+ Kg8 47. Qc8+ Kf7 48. a6 Qb5 49. Qb7+ Qxb7 50. axb7 g3 51. b8Q g2 52. Qb7+ Ke6 53. Qxg2 1-0

[Event "VIE-chT"]
[Site "Ho Chi Minh City"]
[Date "2019.09.28"]
[Round "4.27"]
[White "Tran, Duc Tu"]
[Black "Tran, Ngoc Minh Duy"]
[Result "0-1"]
[WhiteElo "2052"]
[BlackElo "1288"]
[PlyCount "102"]
[EventDate "2019.09.26"]
[EventType "team-swiss"]
[EventRounds "9"]
[EventCountry "VIE"]
[SourceTitle "EXT 2020"]
[Source "ChessBase"]
[SourceDate "2019.10.17"]
[SourceVersion "1"]
[SourceVersionDate "2019.10.17"]
[SourceQuality "1"]

1. e4 e5 2. Nf3 Nc6 3. Bb5 a6 4. Ba4 Nf6 5. 0-0 Be7 6. Re1 b5 7. Bb3 d6 8. c3 0-0 9. h3 Nb8 10. d4 Nbd7 11. Nbd2 Bb7 12. Bc2 Re8 13. Nf1 Bf8 14. Ng3 h6 15. b3 g6 16. a4 Bg7 17. Bd3 c6 18. Bb2 Qc7 19. Qc2 Rad8 20. axb5 cxb5 21. c4 Qb6 22. c5 dxc5 23. dxe5 Nh7 24. Bc3 b4 25. Bd2 Nxe5 26. Nxe5 Bxe5 27. Bxh6 Bxg3 28. Be3 Bd6 29. f4 Bf8 30. e5 Qc6 31. Bc4 Bc8 32. Kh2 Be7 33. e6 f5 34. g4 Qe4 35. Qxe4 fxe4 36. g5 Rd6 37. Kg3 Rb6 38. Bd5 Bxe6 39. Bxe4 Bxb3 40. Bd3 Re6 41. Bxg6 Rxg6 42. Bxc5 Kf7 43. Bxe7 Rxe7 44. Rxe7+ Kxe7 45. Rb1 Rc6 46. h4 Rc3+ 47. Kg4 Be6+ 48. Kh5 b3 49. Kg6 Nf8+ 50. Kg7 Bf5 51. Rb2 Ne6+ 0-1

[Event "VIE-chT"]
[Site "Ho Chi Minh City"]
[Date "2019.09.27"]
[Round "3.24"]
[White "Tran, Ngoc Minh Duy"]
[Black "Nguyen, Tri Thien"]
[Result "0-1"]
[WhiteElo "1288"]
[BlackElo "1809"]
[PlyCount "72"]
[EventDate "2019.09.26"]
[EventType "team-swiss"]
[EventRounds "9"]
[EventCountry "VIE"]
[SourceTitle "EXT 2020"]
[Source "ChessBase"]
[SourceDate "2019.10.17"]
[SourceVersion "1"]
[SourceVersionDate "2019.10.17"]
[SourceQuality "1"]

1. e4 c5 2. Nf3 d6 3. d4 cxd4 4. Nxd4 Nf6 5. Nc3 g6 6. Be3 Nc6 7. f3 Bd7 8. Qd2 Qa5 9. Bc4 Bg7 10. 0-0-0 a6 11. g4 Rc8 12. Bb3 b5 13. h4 b4 14. Nce2 Ne5 15. Kb1 Ba4 16. Bh6 Bxh6 17. Qxh6 Bxb3 18. Nxb3 Qc7 19. Ned4 a5 20. Rh2 a4 21. Nc1 a3 22. Nd3 Nxd3 23. Rxd3 axb2 24. Rhd2 Ra8 25. Qg5 0-0 26. Rb3 Ra5 27. Qh6 Rfa8 28. Rxb2 Qc4 29. Nb3 Qf1+ 30. Nc1 Qxf3 31. Rd3 Qxe4 32. Qd2 Nd5 33. Rd4 Nc3+ 34. Ka1 Qh1 35. Qxc3 Qxc1+ 36. Rb1 Rxa2# 0-1

[Event "VIE-ch U09"]
[Site "Hai Phong"]
[Date "2018.07.11"]
[Round "7"]
[White "Nguyen, Vuong Tung Lam"]
[Black "Tran, Ngoc Minh Duy"]
[Result "1-0"]
[WhiteElo "1962"]
[BlackElo "1960"]
[PlyCount "65"]
[EventDate "2018.07.07"]
[EventType "swiss"]
[EventRounds "9"]
[EventCountry "VIE"]
[SourceTitle "EXT 2019"]
[Source "ChessBase"]
[SourceDate "2018.10.10"]
[SourceVersion "1"]
[SourceVersionDate "2018.10.10"]
[SourceQuality "1"]

1. d4 d5 2. Nf3 Nf6 3. g3 e6 4. Bg2 Be7 5. 0-0 0-0 6. c4 dxc4 7. Ne5 Nc6 8. Nxc6 bxc6 9. Qc2 Qxd4 10. Be3 Qd6 11. Nd2 Nd5 12. Bd4 e5 13. Bc3 Ba6 14. Rfd1 Qe6 15. Nf3 Bf6 16. Nd2 g6 17. Ne4 Be7 18. Bd2 f5 19. Nc3 Rad8 20. a3 Nb6 21. Rac1 g5 22. Be1 Nd7 23. Nd5 Bd6 24. Bb4 Bb5 25. a4 a5 26. Bxd6 Qxd6 27. Nc3 Qc5 28. axb5 cxb5 29. Rd5 Qe7 30. Rxb5 f4 31. Nd5 Qf7 32. Nxc7 fxg3 33. Bd5 1-0

[Event "VIE-ch U09"]
[Site "Hai Phong"]
[Date "2018.07.09"]
[Round "5"]
[White "Tran, Ngoc Minh Duy"]
[Black "Le, Pham Minh Duc"]
[Result "1-0"]
[WhiteElo "1960"]
[BlackElo "1963"]
[PlyCount "47"]
[EventDate "2018.07.07"]
[EventType "swiss"]
[EventRounds "9"]
[EventCountry "VIE"]
[SourceTitle "EXT 2019"]
[Source "ChessBase"]
[SourceDate "2018.10.10"]
[SourceVersion "1"]
[SourceVersionDate "2018.10.10"]
[SourceQuality "1"]

1. e4 c6 2. d4 d5 3. Nc3 dxe4 4. Nxe4 Bf5 5. Ng3 Bg6 6. Bc4 Nf6 7. N1e2 Nbd7 8. 0-0 e6 9. f4 Be7 10. f5 exf5 11. Nxf5 Bxf5 12. Rxf5 0-0 13. c3 Rc8 14. Ng3 Nb6 15. Bb3 c5 16. Bg5 cxd4 17. Bxf6 Bxf6 18. Nh5 Be7 19. Qg4 g6 20. Raf1 Nc4 21. Rxf7 Kh8 22. Bxc4 Rxc4 23. Qe6 Rc7 24. Qxe7 1-0

[Event "VIE Cup"]
[Site "Bac Giang"]
[Date "2018.06.04"]
[Round "8"]
[White "Tran, Ngoc Minh Duy"]
[Black "Nguyen, Minh Dat"]
[Result "1-0"]
[WhiteElo "1899"]
[BlackElo "1921"]
[PlyCount "71"]
[EventDate "2018.05.30"]
[EventType "swiss"]
[EventRounds "9"]
[EventCountry "VIE"]
[SourceTitle "CBM 184 Extra"]
[Source "ChessBase"]
[SourceDate "2018.06.28"]
[SourceVersion "1"]
[SourceVersionDate "2018.06.28"]
[SourceQuality "1"]

1. e4 c5 2. Nf3 d6 3. d4 cxd4 4. Nxd4 Nf6 5. Nc3 e6 6. Be2 Be7 7. 0-0 0-0 8. Be3 a6 9. f4 Qc7 10. Kh1 b5 11. Bf3 Bb7 12. a3 Nbd7 13. Nb3 Nc5 14. Nd2 Rfd8 15. Qe2 d5 16. e5 Ne8 17. Bd4 Nd7 18. f5 exf5 19. Nxd5 Bxd5 20. Bxd5 Nc5 21. Bxa8 Rxd4 22. Qf2 Qd8 23. Nf3 Rd7 24. Bc6 Rc7 25. Rad1 Qc8 26. Bd5 Ne6 27. c3 g6 28. Nd4 N6g7 29. Qc2 Rc5 30. Qb3 Qd7 31. Be6 Nxe6 32. Nxf5 Qc7 33. Nh6+ Kg7 34. Rxf7+ Kxh6 35. Qxe6 Qxe5 36. Qxe7 1-0